[Event "Qatar Masters Open 2014"]
[Site "Doha QAT"]
[Date "2014.11.26"]
[Round "1.34"]
[White "Xu, Yinglun"]
[Black "Romanov, Evgeny"]
[Result "1/2-1/2"]
[WhiteElo "2410"]
[BlackElo "2636"]
[PlyCount "60"]
[EventDate "2014.11.26"]
[EventType "swiss"]
[EventRounds "9"]
[EventCountry "QAT"]
[Source "lmi"]
[SourceDate "2014.11.26"]

1. d4 Nf6 2. c4 e6 3. Nf3 b6 4. g3 Ba6 5. b3 d5 6. Bg2 Bb4+ 7. Bd2 Bd6 8. Nc3
O-O 9. O-O Nbd7 10. e4 Nxe4 11. Nxe4 dxe4 12. Ng5 Rb8 13. Nxe4 Bb7 14. Qc2 Nf6
15. Nxf6+ Qxf6 16. Bxb7 Rxb7 17. Qe4 Rbb8 18. Be3 Rfd8 19. Qc6 e5 20. Rad1 exd4
21. Rxd4 Be5 22. Rxd8+ Rxd8 23. Qxf6 Bxf6 24. Rc1 c5 25. Kf1 h5 26. Ke2 Bd4 27.
Rd1 Re8 28. Rd3 Kf8 29. Kd2 Bxe3+ 30. Rxe3 Rc8 1/2-1/2

[Event "Qatar Masters Open 2014"]
[Site "Doha QAT"]
[Date "2014.11.26"]
[Round "1.35"]
[White "Gupta, Abhijeet"]
[Black "Sukandar, Irine Kharisma"]
[Result "1-0"]
[WhiteElo "2632"]
[BlackElo "2407"]
[PlyCount "101"]
[EventDate "2014.11.26"]
[EventType "swiss"]
[EventRounds "9"]
[EventCountry "QAT"]
[Source "lmi"]
[SourceDate "2014.11.26"]

1. d4 Nf6 2. c4 e6 3. Nf3 b6 4. a3 Bb7 5. Nc3 d5 6. cxd5 exd5 7. Qc2 a6 8. Bg5
Bd6 9. e3 Nbd7 10. Bd3 h6 11. Bh4 O-O 12. O-O c5 13. a4 Qc7 14. Bg3 Rfe8 15.
Bf5 cxd4 16. Nxd4 Bxg3 17. hxg3 Nc5 18. Rac1 Qe5 19. b4 Ne6 20. Nce2 Rac8 21.
Qb1 Nxd4 22. Nxd4 Rc4 23. Bd3 Ng4 24. Nf3 Qh5 25. Bh7+ Kf8 26. Bf5 Bc8 27. Bd3
Bb7 28. Bf5 Bc8 29. Bxg4 Qxg4 30. Nd4 Bd7 31. b5 axb5 32. axb5 Rec8 33. Qb2 Qe4
34. Ra1 h5 35. Ra7 R4c7 36. Rxc7 Rxc7 37. Qa3+ Qe7 38. Qa8+ Bc8 39. Ra1 Qd6 40.
Nc6 g6 41. Ra6 Kg7 42. Rxb6 Bd7 43. Qa1+ f6 44. Qa8 Rc8 45. Qa7 Kh6 46. Nd4
Rc1+ 47. Kh2 Qc5 48. Qxd7 Qxb6 49. Ne6 h4 50. Qg7+ Kh5 51. Nf4+ 1-0

[Event "Qatar Masters Open 2014"]
[Site "Doha QAT"]
[Date "2014.11.26"]
[Round "1.38"]
[White "Studer, Noel"]
[Black "Safarli, Eltaj"]
[Result "1/2-1/2"]
[WhiteElo "2395"]
[BlackElo "2628"]
[PlyCount "79"]
[EventDate "2014.11.26"]
[EventType "swiss"]
[EventRounds "9"]
[EventCountry "QAT"]
[Source "lmi"]
[SourceDate "2014.11.26"]

1. e4 c5 2. Nf3 Nc6 3. d4 cxd4 4. Nxd4 e6 5. Nc3 Qc7 6. Be3 Nf6 7. f4 Bb4 8.
Ndb5 Qa5 9. e5 a6 10. Nd6+ Bxd6 11. Qxd6 Ne4 12. Qd3 Nxc3 13. Qxc3 Qxc3+ 14.
bxc3 f6 15. exf6 gxf6 16. Be2 b5 17. Bc5 h5 18. Kf2 Bb7 19. a4 bxa4 20. Rhb1
Nd8 21. Rxa4 Rc8 22. Bd4 Ke7 23. Rab4 Bd5 24. Bxa6 Ra8 25. Bd3 Rg8 26. g3 h4
27. Rb8 Nf7 28. Rxa8 Bxa8 29. Rg1 hxg3+ 30. Rxg3 Rh8 31. h3 Rh4 32. Be3 Bc6 33.
Bc1 f5 34. c4 d6 35. Bf1 e5 36. fxe5 dxe5 37. Rg6 Kd7 38. Rg7 Ke6 39. Rg6+ Kd7
40. Rg7 1/2-1/2

[Event "Qatar Masters Open 2014"]
[Site "Doha QAT"]
[Date "2014.11.26"]
[Round "1.39"]
[White "Volokitin, Andrei"]
[Black "Kanter, Eduard"]
[Result "1-0"]
[WhiteElo "2627"]
[BlackElo "2394"]
[PlyCount "69"]
[EventDate "2014.11.26"]
[EventType "swiss"]
[EventRounds "9"]
[EventCountry "QAT"]
[Source "lmi"]
[SourceDate "2014.11.26"]

1. e4 c5 2. Nf3 d6 3. d4 cxd4 4. Nxd4 Nf6 5. Nc3 g6 6. Be3 Bg7 7. f3 O-O 8. Qd2
Nc6 9. O-O-O d5 10. exd5 Nxd5 11. Nxc6 bxc6 12. Bd4 Bxd4 13. Qxd4 Qc7 14. Bc4
Nb6 15. Bd3 Rd8 16. Qe3 Nd5 17. Nxd5 cxd5 18. h4 f6 19. g4 Rd6 20. Rde1 Re6 21.
Qh6 Rxe1+ 22. Rxe1 e5 23. h5 Qg7 24. Qd2 g5 25. Be4 Bb7 26. Bxd5+ Kh8 27. h6
Qc7 28. Bxb7 Qxb7 29. Rd1 Rg8 30. Qd5 Qe7 31. c4 Qf8 32. c5 Qxh6 33. c6 Qg7 34.
Qd7 Qxd7 35. Rxd7 1-0

[Event "Qatar Masters Open 2014"]
[Site "Doha QAT"]
[Date "2014.11.26"]
[Round "1.40"]
[White "L'Ami, Alina"]
[Black "Mchedlishvili, Mikheil"]
[Result "1/2-1/2"]
[WhiteElo "2393"]
[BlackElo "2622"]
[PlyCount "95"]
[EventDate "2014.11.26"]
[EventType "swiss"]
[EventRounds "9"]
[EventCountry "QAT"]
[Source "lmi"]
[SourceDate "2014.11.26"]

1. d4 Nf6 2. c4 e6 3. Nc3 Bb4 4. Qc2 b6 5. a3 Bxc3+ 6. Qxc3 Bb7 7. e3 d6 8. f3
O-O 9. Nh3 c5 10. b4 cxd4 11. Qxd4 a5 12. Bb2 axb4 13. axb4 Rxa1+ 14. Bxa1 Nc6
15. Qd2 d5 16. Bc3 e5 17. b5 d4 18. bxc6 dxc3 19. Qxc3 Bxc6 20. Qxe5 Re8 21.
Qc3 Qe7 22. Be2 Qxe3 23. Qxe3 Rxe3 24. Kf2 Rb3 25. Rd1 Kf8 26. Nf4 Ke7 27. Re1
Kd6 28. Rd1+ Kc7 29. h4 Nd7 30. Nd3 Rc3 31. Nb4 Ne5 32. Rd4 Bb7 33. Ke1 Rb3 34.
Nc2 Bc8 35. Kd2 Be6 36. Re4 Nc6 37. Re3 Rb1 38. Rc3 Rh1 39. g3 Rg1 40. g4 h5
41. gxh5 Rh1 42. c5 Rxh4 43. cxb6+ Kxb6 44. f4 Ne7 45. Nd4 Rxf4 46. Nxe6 fxe6
47. Re3 Rf6 48. Bg4 1/2-1/2

[Event "Qatar Masters Open 2014"]
[Site "Doha QAT"]
[Date "2014.11.26"]
[Round "1.41"]
[White "Salgado Lopez, Ivan"]
[Black "Guramishvili, Sopiko"]
[Result "1-0"]
[WhiteElo "2622"]
[BlackElo "2388"]
[PlyCount "137"]
[EventDate "2014.11.26"]
[EventType "swiss"]
[EventRounds "9"]
[EventCountry "QAT"]
[Source "lmi"]
[SourceDate "2014.11.26"]

1. Nf3 Nf6 2. c4 e6 3. g3 d5 4. Bg2 d4 5. O-O c5 6. e3 Nc6 7. exd4 cxd4 8. d3
Bd6 9. Na3 O-O 10. Rb1 e5 11. Nc2 Re8 12. Bg5 h6 13. Bxf6 Qxf6 14. Nd2 Qg6 15.
b4 a6 16. Re1 Bf5 17. Ne4 Bf8 18. c5 Rad8 19. Bf3 Qe6 20. a4 Bg6 21. Na3 f5 22.
Nd2 Qf7 23. Bg2 Kh8 24. Nac4 e4 25. Qb3 b5 26. axb5 axb5 27. Na3 Qxb3 28. Rxb3
e3 29. Nf3 Bf7 30. Rbb1 exf2+ 31. Kxf2 Rxe1 32. Nxe1 Nxb4 33. Rxb4 Bxc5 34.
Nec2 Bxb4 35. Nxb4 Be8 36. Bd5 g6 37. Nac2 Kg7 38. Ke2 Bf7 39. Bxf7 Kxf7 40.
Nc6 Ra8 41. N6xd4 Ra2 42. Kd2 b4 43. Kc1 Kf6 44. Kb1 Ra8 45. Nxb4 Rb8 46. Ndc6
Re8 47. Nd5+ Kf7 48. Nc3 Rc8 49. Ne5+ Kf6 50. Nc4 g5 51. Kc2 Ke6 52. Kd2 h5 53.
Ke3 Rf8 54. Ne2 Kd5 55. Kf3 Rh8 56. h4 gxh4 57. gxh4 Rg8 58. Ne3+ Ke5 59. d4+
Kf6 60. Ng3 Rh8 61. Kf4 Rd8 62. Ngxf5 Ra8 63. Ng3 Ra4 64. Ke4 Kg6 65. Ke5 Ra3
66. Ngf5 Kf7 67. d5 Ra5 68. Ng3 Ra4 69. Nef5 1-0

[Event "Qatar Masters Open 2014"]
[Site "Doha QAT"]
[Date "2014.11.26"]
[Round "1.42"]
[White "Deac, Bogdan-Daniel"]
[Black "Durarbayli, Vasif"]
[Result "0-1"]
[WhiteElo "2385"]
[BlackElo "2621"]
[PlyCount "144"]
[EventDate "2014.11.26"]
[EventType "swiss"]
[EventRounds "9"]
[EventCountry "QAT"]
[Source "lmi"]
[SourceDate "2014.11.26"]

1. e4 c5 2. Nf3 a6 3. g3 b5 4. Bg2 Bb7 5. Qe2 d6 6. d4 cxd4 7. Nxd4 g6 8. O-O
Bg7 9. Rd1 Nc6 10. Nxc6 Bxc6 11. Nc3 Qc7 12. Nd5 Bxd5 13. Rxd5 Rb8 14. Rd3 h5
15. h3 Rc8 16. c3 Nf6 17. a4 O-O 18. Bf4 bxa4 19. Rxa4 Nd7 20. Be3 Qc6 21. Ra1
Ne5 22. Rd5 Rb8 23. Bc1 Rb6 24. Rda5 Ra8 25. Kh1 Qc8 26. R5a4 Nd7 27. Be3 Rc6
28. e5 Nxe5 29. f4 Nc4 30. Bxc6 Qxc6+ 31. Kg1 d5 32. Bf2 Qb7 33. f5 gxf5 34.
Qxh5 e6 35. Qe2 Qxb2 36. Qxb2 Nxb2 37. Rxa6 Rxa6 38. Rxa6 Bxc3 39. Rd6 Kg7 40.
Kg2 Nc4 41. Rc6 Kg6 42. h4 Be5 43. Rc8 Nd6 44. Rg8+ Kh7 45. Rd8 Ne4 46. Be1 Nf6
47. Kf3 Kg6 48. Bf2 Bc3 49. Be3 Ng4 50. Bf4 Bf6 51. Rg8+ Kh7 52. Ra8 d4 53. Ra7
Kg6 54. Ra6 Kg7 55. h5 e5 56. h6+ Kg6 57. Bd2 e4+ 58. Ke2 d3+ 59. Ke1 Kh7 60.
Ra7 Nxh6 61. Ra5 Kg6 62. Ra6 Ng4 63. Bc3 Kg5 64. Bxf6+ Nxf6 65. Kd2 Nh5 66. Ra7
Nxg3 67. Rxf7 Kf4 68. Rh7 Kf3 69. Rh3 f4 70. Rh4 Nf1+ 71. Ke1 d2+ 72. Kd1 e3
0-1

[Event "Qatar Masters Open 2014"]
[Site "Doha QAT"]
[Date "2014.11.26"]
[Round "1.43"]
[White "Naroditsky, Daniel"]
[Black "Gaponenko, Inna"]
[Result "1-0"]
[WhiteElo "2620"]
[BlackElo "2381"]
[PlyCount "77"]
[EventDate "2014.11.26"]
[EventType "swiss"]
[EventRounds "9"]
[EventCountry "QAT"]
[Source "lmi"]
[SourceDate "2014.11.26"]

1. Nf3 c5 2. g3 Nc6 3. Bg2 g6 4. O-O Bg7 5. c3 e5 6. d3 Nge7 7. a3 a5 8. a4 d5
9. Na3 O-O 10. e4 d4 11. cxd4 exd4 12. Bf4 Nb4 13. Rc1 b6 14. Nb5 Na6 15. Nd2
Bd7 16. Nc4 Bxb5 17. axb5 Nb4 18. Bd6 Re8 19. f4 Ra7 20. f5 gxf5 21. Bxe7 Rexe7
22. Rxf5 Re6 23. Qf3 Qe8 24. Bh3 Bh6 25. Rf1 Nc2 26. Rh5 Ne3 27. Bxe6 Qxe6 28.
Nxe3 dxe3 29. Rd5 a4 30. Rd8+ Kg7 31. h4 a3 32. bxa3 Rxa3 33. Rd6 Qxd6 34.
Qxf7+ Kh8 35. Qe8+ Bf8 36. e5 e2 37. Rxf8+ Kg7 38. Rg8+ Kh6 39. exd6 1-0

[Event "Qatar Masters Open 2014"]
[Site "Doha QAT"]
[Date "2014.11.26"]
[Round "1.44"]
[White "Khademalsharieh, Sarasadat"]
[Black "Oleksienko, Mikhailo"]
[Result "0-1"]
[WhiteElo "2378"]
[BlackElo "2620"]
[PlyCount "122"]
[EventDate "2014.11.26"]
[EventType "swiss"]
[EventRounds "9"]
[EventCountry "QAT"]
[Source "lmi"]
[SourceDate "2014.11.26"]

1. d4 f5 2. c4 Nf6 3. Nf3 g6 4. g3 Bg7 5. Bg2 O-O 6. O-O d6 7. Nc3 c6 8. d5 e5
9. dxe6 Bxe6 10. Qd3 Qe7 11. Bf4 d5 12. cxd5 Nxd5 13. Be5 Bxe5 14. Nxe5 Nb4 15.
Qd2 N8a6 16. a3 Rad8 17. Qc1 Nd5 18. Nd3 Qf6 19. Nxd5 Bxd5 20. Bxd5+ Rxd5 21.
Qc4 Kh8 22. b4 Nc7 23. Nf4 Rd6 24. Rad1 Rfd8 25. Rxd6 Qxd6 26. h4 Kg7 27. Rc1
Kf6 28. Qc3+ Qd4 29. Qxd4+ Rxd4 30. Nd3 Ne6 31. Rc3 Ke7 32. e3 Rd5 33. Kf1 Kd6
34. Ke2 c5 35. bxc5+ Nxc5 36. Nxc5 Rxc5 37. Rb3 b5 38. Kd3 a5 39. e4 fxe4+ 40.
Kxe4 Rc4+ 41. Ke3 Kc5 42. Kd2 b4 43. axb4+ axb4 44. Rf3 h5 45. Re3 Kb5 46. Re6
b3 47. Rxg6 b2 48. Rg8 Ka4 49. Ra8+ Kb3 50. Rb8+ Ka2 51. Ra8+ Kb1 52. f4 Rc5
53. Ra7 Rd5+ 54. Ke3 Kc2 55. Rc7+ Kb3 56. Rb7+ Kc3 57. Rxb2 Kxb2 58. Ke4 Rd8
59. f5 Kc3 60. f6 Rf8 61. Kf5 Kd4 0-1

[Event "Qatar Masters Open 2014"]
[Site "Doha QAT"]
[Date "2014.11.26"]
[Round "1.45"]
[White "Perunovic, Milos"]
[Black "Vazquez, Guillermo"]
[Result "1-0"]
[WhiteElo "2619"]
[BlackElo "2374"]
[PlyCount "41"]
[EventDate "2014.11.26"]
[EventType "swiss"]
[EventRounds "9"]
[EventCountry "QAT"]
[Source "lmi"]
[SourceDate "2014.11.26"]

1. e4 c5 2. Nf3 e6 3. d4 cxd4 4. Nxd4 Nc6 5. Nc3 Qc7 6. Be3 a6 7. Qf3 Nf6 8.
O-O-O d6 9. Nxc6 bxc6 10. g4 Bb7 11. g5 Nd7 12. Qh3 g6 13. f4 O-O-O 14. Bd4 e5
15. fxe5 dxe5 16. Ba7 c5 17. Na4 Qc6 18. Nb6+ Kc7 19. Nd5+ Kc8 20. Bc4 Bd6 21.
Rhf1 1-0

[Event "Qatar Masters Open 2014"]
[Site "Doha QAT"]
[Date "2014.11.26"]
[Round "1.46"]
[White "Asgarizadeh, Ahmad"]
[Black "L'Ami, Erwin"]
[Result "0-1"]
[WhiteElo "2371"]
[BlackElo "2618"]
[PlyCount "142"]
[EventDate "2014.11.26"]
[EventType "swiss"]
[EventRounds "9"]
[EventCountry "QAT"]
[Source "lmi"]
[SourceDate "2014.11.26"]

1. e4 e6 2. d4 d5 3. Nc3 Nf6 4. e5 Nfd7 5. f4 c5 6. Nf3 Nc6 7. Be3 a6 8. Qd2 b5
9. Nd1 cxd4 10. Nxd4 Nxd4 11. Bxd4 Bc5 12. Ne3 Qb6 13. Bxc5 Nxc5 14. Qd4 O-O
15. Be2 Rb8 16. c3 a5 17. O-O Na4 18. Rab1 b4 19. Bd3 Bd7 20. f5 bxc3 21. bxc3
Qxd4 22. cxd4 Nc3 23. Rxb8 Rxb8 24. Rf2 exf5 25. Rc2 Ne4 26. Nxd5 Rb1+ 27. Bf1
h5 28. g3 h4 29. gxh4 Bb5 30. Ne3 f4 31. Kg2 fxe3 32. Bxb5 Rxb5 33. Kf3 f5 34.
Kxe3 Kf7 35. Rc7+ Ke6 36. Rxg7 Rb2 37. a4 Rxh2 38. Rg6+ Kf7 39. Ra6 Rxh4 40.
Rxa5 Ng5 41. Ra6 f4+ 42. Kd3 Rh3+ 43. Kc4 Ne4 44. Kd5 Re3 45. e6+ Kg7 46. Ke5
f3 47. Ra7+ Kg6 48. Kf4 f2 49. Kxe3 f1=Q 50. Kxe4 Qf5+ 51. Ke3 Qxe6+ 52. Kd3
Qb3+ 53. Ke4 Qc2+ 54. Kd5 Qb3+ 55. Kc5 Kf5 56. a5 Qc3+ 57. Kd5 Qc8 58. a6 Qe6+
59. Kc5 Ke4 60. Kb5 Qd5+ 61. Kb6 Qxd4+ 62. Kb7 Qd7+ 63. Kb6 Qd6+ 64. Kb5 Kd5
65. Rb7 Qc5+ 66. Ka4 Kc4 67. Rb1 Qc6+ 68. Ka5 Qc7+ 69. Ka4 Qd7+ 70. Ka5 Qd8+
71. Ka4 Qd2 0-1

[Event "Qatar Masters Open 2014"]
[Site "Doha QAT"]
[Date "2014.11.26"]
[Round "1.47"]
[White "Hamdouchi, Hicham"]
[Black "Hedman, Erik"]
[Result "1/2-1/2"]
[WhiteElo "2616"]
[BlackElo "2370"]
[PlyCount "62"]
[EventDate "2014.11.26"]
[EventType "swiss"]
[EventRounds "9"]
[EventCountry "QAT"]
[Source "lmi"]
[SourceDate "2014.11.26"]

1. e4 c5 2. Nc3 Nc6 3. Bb5 Nd4 4. Bc4 e6 5. Nf3 Qc7 6. d3 a6 7. Nxd4 cxd4 8.
Ne2 Bc5 9. Bb3 Ne7 10. O-O O-O 11. c3 dxc3 12. d4 Ba7 13. Nxc3 d5 14. exd5 Nxd5
15. Nxd5 exd5 16. Bxd5 Qd6 17. Qf3 Bxd4 18. Bf4 Qf6 19. Rac1 Be6 20. Bxb7 Ra7
21. Be4 Bxb2 22. Rc6 a5 23. a4 g6 24. Qg3 Qd4 25. Bc2 Rd7 26. h4 Qd5 27. Rb6
Qd4 28. Rb5 Qc3 29. Qxc3 Bxc3 30. Bb3 Bxb3 31. Rxb3 Bb4 1/2-1/2

[Event "Qatar Masters Open 2014"]
[Site "Doha QAT"]
[Date "2014.11.26"]
[Round "1.48"]
[White "Daulyte, Deimante"]
[Black "Mista, Aleksander"]
[Result "0-1"]
[WhiteElo "2364"]
[BlackElo "2616"]
[PlyCount "72"]
[EventDate "2014.11.26"]
[EventType "swiss"]
[EventRounds "9"]
[EventCountry "QAT"]
[Source "lmi"]
[SourceDate "2014.11.26"]

1. e4 c5 2. Nc3 e6 3. Nf3 d6 4. d4 cxd4 5. Qxd4 a6 6. Bg5 Qc7 7. O-O-O Nc6 8.
Qd2 Nf6 9. Bf4 Ng4 10. Bg3 Be7 11. Nd4 O-O 12. f4 Nf6 13. Nf3 b5 14. e5 b4 15.
Ne2 dxe5 16. fxe5 Nd5 17. Nf4 Rd8 18. Nxd5 Rxd5 19. Qe1 Rc5 20. Bd3 b3 21. Qe4
g6 22. axb3 Bb7 23. Qf4 Nb4 24. Bc4 Qa5 25. Ng5 Bxg5 26. Qxg5 Qa1+ 27. Kd2 Qxb2
28. Ke2 Qxc2+ 29. Rd2 Qe4+ 30. Kd1 Qb1+ 31. Ke2 Qe4+ 32. Kd1 Nd5 33. Kc1 Rac8
34. Rc2 Ne3 35. Rc3 Nxc4 36. Rd1 Nd6 0-1

[Event "Qatar Masters Open 2014"]
[Site "Doha QAT"]
[Date "2014.11.26"]
[Round "1.49"]
[White "Swiercz, Dariusz"]
[Black "Kharous, Ernest"]
[Result "1/2-1/2"]
[WhiteElo "2616"]
[BlackElo "2358"]
[PlyCount "229"]
[EventDate "2014.11.26"]
[EventType "swiss"]
[EventRounds "9"]
[EventCountry "QAT"]
[Source "lmi"]
[SourceDate "2014.11.26"]

1. e4 d6 2. d4 Nf6 3. Nc3 e5 4. Nf3 Nbd7 5. Bc4 Be7 6. O-O O-O 7. a4 a5 8. Re1
c6 9. h3 Nb6 10. Ba2 Nfd7 11. Be3 exd4 12. Qxd4 Nc5 13. Rad1 Be6 14. Bxe6 fxe6
15. e5 d5 16. Qg4 Qe8 17. Nd4 Qf7 18. b3 Nbd7 19. f4 Qg6 20. Rf1 Rf7 21. Qe2
Raf8 22. g4 h5 23. Qg2 Bd8 24. Nce2 Re8 25. f5 Qh7 26. g5 g6 27. fxg6 Qxg6 28.
Rxf7 Kxf7 29. Rf1+ Kg8 30. h4 Nxe5 31. Nf4 Qe4 32. Qxe4 Nxe4 33. Ndxe6 Ng3 34.
Rd1 Nf5 35. Bf2 Nxh4 36. Bxh4 Nf3+ 37. Kf2 Nxh4 38. Nxd8 Rxd8 39. Nxh5 Kf7 40.
Rh1 Ng6 41. Kg3 d4 42. Rf1+ Ke7 43. Re1+ Kf7 44. Rf1+ Ke7 45. Rf6 d3 46. cxd3
Rxd3+ 47. Kg4 Nf8 48. Ng3 Rxb3 49. Nf5+ Ke8 50. Ng7+ Ke7 51. Nf5+ Ke8 52. g6
Nxg6 53. Rxg6 b5 54. Rxc6 bxa4 55. Rc5 Kd7 56. Rxa5 Rb4+ 57. Kf3 Kc6 58. Ke3
Kb6 59. Ra8 Kb7 60. Rh8 a3 61. Rh1 Kc6 62. Kd3 Kb5 63. Nd4+ Kb6 64. Kc3 Rb2 65.
Nc2 Kc6 66. Rh5 Rb8 67. Nxa3 Rg8 68. Nc2 Kd6 69. Nd4 Rc8+ 70. Kd3 Re8 71. Nf5+
Kc6 72. Kc4 Re1 73. Rh6+ Kd7 74. Kd5 Rd1+ 75. Nd4 Ke7 76. Ra6 Kf7 77. Ke5 Re1+
78. Kf4 Rf1+ 79. Nf3 Rb1 80. Ke4 Rb4+ 81. Kf5 Ke7 82. Ne5 Rb1 83. Re6+ Kd8 84.
Rc6 Rh1 85. Kf6 Rh6+ 86. Ng6 Kd7 87. Ra6 Kc7 88. Ke5 Rh1 89. Ke6 Re1+ 90. Ne5
Rd1 91. Rc6+ Kb7 92. Rc2 Rh1 93. Nf7 Kb6 94. Ne5 Rh6+ 95. Kd5 Rh5 96. Rc6+ Kb5
97. Rg6 Kb4 98. Kd4 Rh4+ 99. Ng4 Kb5 100. Rg5+ Kb4 101. Kd3 Rh8 102. Rd5 Rh3+
103. Ne3 Ka4 104. Kd4 Kb4 105. Re5 Rh4+ 106. Kd3 Rh3 107. Rf5 Ka4 108. Kd4 Rh4+
109. Kc3 Rh3 110. Re5 Rf3 111. Kb2 Rf2+ 112. Nc2 Rh2 113. Kc3 Rh3+ 114. Kc4
Rc3+ 115. Kxc3 1/2-1/2

[Event "Qatar Masters Open 2014"]
[Site "Doha QAT"]
[Date "2014.11.26"]
[Round "1.50"]
[White "Gomes, Mary Ann"]
[Black "Ganguly, Surya Shekhar"]
[Result "0-1"]
[WhiteElo "2355"]
[BlackElo "2615"]
[PlyCount "126"]
[EventDate "2014.11.26"]
[EventType "swiss"]
[EventRounds "9"]
[EventCountry "QAT"]
[Source "lmi"]
[SourceDate "2014.11.26"]

1. c4 g6 2. Nc3 Bg7 3. g3 d6 4. Bg2 Nc6 5. e3 e5 6. Nge2 Bg4 7. h3 Be6 8. d4
exd4 9. Nxd4 Bd7 10. Nxc6 Bxc6 11. Nd5 Nf6 12. O-O O-O 13. e4 Nxd5 14. cxd5 Bd7
15. Be3 f5 16. exf5 Bxf5 17. Bd4 Qe7 18. Bxg7 Qxg7 19. Qb3 Rae8 20. Rae1 b6 21.
Rxe8 Rxe8 22. Qa4 Re7 23. Qb4 Re2 24. Rc1 Rxb2 25. Qa4 a5 26. Qe8+ Qf8 27. Qe3
Qf7 28. g4 Bd3 29. a3 Bb5 30. Bf3 a4 31. Rc3 Rb1+ 32. Kg2 Bf1+ 33. Kg3 b5 34.
Qg5 Re1 35. Qd8+ Re8 36. Qxc7 Qf6 37. Re3 Rf8 38. Kh2 Bc4 39. Qb7 Rf7 40. Qa8+
Kg7 41. Qe8 Qb2 42. Kg2 Qa1 43. Be2 Qf6 44. Bf3 Qa1 45. Be2 Bxd5+ 46. f3 b4 47.
Qb5 Qa2 48. axb4 Bb3 49. Qd3 Qb2 50. Kg3 d5 51. Bd1 Qa1 52. Re1 Bc4 53. Qd2 a3
54. Bb3 Qb2 55. Qxb2+ axb2 56. Bc2 Rb7 57. Kf4 Ba2 58. Bb1 Rxb4+ 59. Ke5 Bxb1
60. Rxb1 d4 61. Ke4 g5 62. Kd3 Kf6 63. Kc2 Ke5 0-1

[Event "Qatar Masters Open 2014"]
[Site "Doha QAT"]
[Date "2014.11.26"]
[Round "1.51"]
[White "Socko, Bartosz"]
[Black "Wang, Jue"]
[Result "1-0"]
[WhiteElo "2614"]
[BlackElo "2353"]
[PlyCount "59"]
[EventDate "2014.11.26"]
[EventType "swiss"]
[EventRounds "9"]
[EventCountry "QAT"]
[Source "lmi"]
[SourceDate "2014.11.26"]

1. d4 Nf6 2. c4 g6 3. Nf3 Bg7 4. g3 c6 5. Bg2 d5 6. O-O O-O 7. Ne5 Be6 8. cxd5
Bxd5 9. Bh3 Nfd7 10. Nxd7 Nxd7 11. Nc3 Bc4 12. Qc2 Nb6 13. Rd1 f5 14. Bf4 Nd5
15. Na4 b5 16. Nc5 Nxf4 17. gxf4 Bd5 18. Bg2 Bxg2 19. Kxg2 Qd5+ 20. f3 Rfd8 21.
e3 a5 22. a4 b4 23. Rac1 Rdc8 24. Qc4 Kf7 25. Rd2 Ra7 26. Nb3 e6 27. Rdc2 Re7
28. Qd3 e5 29. fxe5 Bxe5 30. Rc5 1-0

[Event "Qatar Masters Open 2014"]
[Site "Doha QAT"]
[Date "2014.11.26"]
[Round "1.52"]
[White "Tabatabaei, M.Amin"]
[Black "Van Kampen, Robin"]
[Result "0-1"]
[WhiteElo "2353"]
[BlackElo "2612"]
[PlyCount "46"]
[EventDate "2014.11.26"]
[EventType "swiss"]
[EventRounds "9"]
[EventCountry "QAT"]
[Source "lmi"]
[SourceDate "2014.11.26"]

1. e4 c5 2. Nf3 Nc6 3. Bb5 g6 4. Bxc6 bxc6 5. O-O Bg7 6. Re1 Rb8 7. e5 Nh6 8.
Nc3 O-O 9. Ne4 d6 10. exd6 exd6 11. d4 cxd4 12. Nxd4 Qb6 13. Bxh6 Bxh6 14. Nxd6
Ba6 15. Qg4 Bg7 16. N4f5 gxf5 17. Nxf5 Qxb2 18. c3 Qxc3 19. Rac1 Rfe8 20. Red1
Be2 21. f3 Rb4 22. Nh6+ Kf8 23. Qh5 Qe3+ 0-1

[Event "Qatar Masters Open 2014"]
[Site "Doha QAT"]
[Date "2014.11.26"]
[Round "1.53"]
[White "Ipatov, Alexander"]
[Black "Konguvel, Ponnuswamy"]
[Result "1-0"]
[WhiteElo "2608"]
[BlackElo "2347"]
[PlyCount "77"]
[EventDate "2014.11.26"]
[EventType "swiss"]
[EventRounds "9"]
[EventCountry "QAT"]
[Source "lmi"]
[SourceDate "2014.11.26"]

1. d4 Nf6 2. c4 g6 3. Nc3 d5 4. cxd5 Nxd5 5. Bd2 Bg7 6. e4 Nxc3 7. Bxc3 O-O 8.
Qd2 Nc6 9. Nf3 Bg4 10. d5 Bxf3 11. gxf3 Ne5 12. Be2 c6 13. f4 Nd7 14. Bxg7 Kxg7
15. dxc6 bxc6 16. Rc1 Nf6 17. Rc4 Rb8 18. b3 c5 19. Bf3 Rb4 20. e5 Qxd2+ 21.
Kxd2 Rd8+ 22. Kc3 Nd5+ 23. Bxd5 Rxd5 24. Rxb4 cxb4+ 25. Kxb4 Rd4+ 26. Ka5 Rxf4
27. Rf1 Re4 28. b4 Rxe5+ 29. Ka6 Re2 30. Ra1 Rxf2 31. b5 Rb2 32. a4 f5 33. Kxa7
f4 34. Kb6 e5 35. a5 f3 36. a6 Rd2 37. a7 Rd8 38. Kc7 Rf8 39. b6 1-0

[Event "Qatar Masters Open 2014"]
[Site "Doha QAT"]
[Date "2014.11.26"]
[Round "1.54"]
[White "Kochetkova, Julia"]
[Black "Anton Guijarro, David"]
[Result "0-1"]
[WhiteElo "2345"]
[BlackElo "2607"]
[PlyCount "58"]
[EventDate "2014.11.26"]
[EventType "swiss"]
[EventRounds "9"]
[EventCountry "QAT"]
[Source "lmi"]
[SourceDate "2014.11.26"]

1. e4 e5 2. Nf3 Nc6 3. Bc4 Bc5 4. c3 Nf6 5. d3 a6 6. O-O Ba7 7. Bb3 d6 8. Nbd2
O-O 9. h3 Be6 10. Nc4 h6 11. Ne3 d5 12. exd5 Nxd5 13. Ng4 f6 14. Qe2 Qd7 15.
Nh4 Rae8 16. Bd2 h5 17. Bxd5 Bxd5 18. Ne3 Bf7 19. Rad1 Ne7 20. Qf3 Qc6 21. Qg3
g5 22. Nf3 Bg6 23. Bc1 Qd7 24. Ne1 c6 25. Qf3 Nd5 26. Nc4 b5 27. Nd2 g4 28.
hxg4 hxg4 29. Qg3 Nf4 0-1

[Event "Qatar Masters Open 2014"]
[Site "Doha QAT"]
[Date "2014.11.26"]
[Round "1.55"]
[White "Sandipan, Chanda"]
[Black "Vijayalakshmi, Subbaraman"]
[Result "1/2-1/2"]
[WhiteElo "2603"]
[BlackElo "2335"]
[PlyCount "182"]
[EventDate "2014.11.26"]
[EventType "swiss"]
[EventRounds "9"]
[EventCountry "QAT"]
[Source "lmi"]
[SourceDate "2014.11.26"]

1. d4 Nf6 2. Bg5 d5 3. Nd2 g6 4. Bxf6 exf6 5. e3 f5 6. g3 Nd7 7. c4 Nf6 8. cxd5
Nxd5 9. Bc4 Be7 10. Qb3 c6 11. Ne2 O-O 12. Bxd5 Qxd5 13. Qxd5 cxd5 14. Nf4 Be6
15. Ke2 Rfc8 16. Rac1 Kf8 17. Nb1 Bd6 18. Nd3 Ke7 19. Nc3 Rc6 20. Nb5 Rac8 21.
Nxd6 Kxd6 22. Kd2 Rxc1 23. Nxc1 Bd7 24. Nd3 f6 25. h4 Bb5 26. Nf4 Ba4 27. b3
Be8 28. f3 Bd7 29. Rg1 Rc6 30. g4 Ra6 31. a4 Rb6 32. Kc3 Rc6+ 33. Kb2 fxg4 34.
fxg4 Rb6 35. a5 Rc6 36. g5 fxg5 37. hxg5 Bf5 38. Rc1 Rxc1 39. Kxc1 Be4 40. Kd2
Kc6 41. Kc3 Kb5 42. b4 b6 43. axb6 Kxb6 44. Ne6 a5 45. bxa5+ Kxa5 46. Nf8 Kb5
47. Nxh7 Kc6 48. Nf6 Bg2 49. Kb4 Kd6 50. Kb5 Bf1+ 51. Kb6 Bg2 52. Ne8+ Ke6 53.
Kc5 Kf5 54. Nf6 Ke6 55. Ne8 Kd7 56. Nd6 Ke6 57. Nb5 Kd7 58. Nc3 Ke6 59. Ne2 Kf5
60. Nf4 Bf3 61. Nxd5 Kxg5 62. Nc3 Kf6 63. Kd6 Kf5 64. d5 g5 65. Kc5 g4 66. e4+
Kg6 67. d6 g3 68. d7 g2 69. d8=Q g1=Q+ 70. Kc4 Qe3 71. Qg8+ Kh6 72. Qf8+ Kg6
73. Qf5+ Kg7 74. e5 Be2+ 75. Nxe2 Qxe2+ 76. Kc5 Qe3+ 77. Kc6 Qb3 78. Qd7+ Kf8
79. Qd6+ Ke8 80. Qd7+ Kf8 81. Qd6+ Ke8 82. Qd4 Qe6+ 83. Kc7 Qe7+ 84. Kc8 Qe6+
85. Kb8 Qd7 86. Qb2 Qc6 87. Qb4 Qd5 88. Qc3 Ke7 89. Qc7+ Ke6 90. Qd6+ Qxd6+ 91.
exd6 Kxd6 1/2-1/2